000 00694nam a2200217Ia 4500
003 GCL
008 140319s9999 xx 000 0 ara d
040 _aGCL /
_cGCL
082 0 4 _a962.352
_bا ج
100 1 _aانور لوقا غبريال
245 1 0 _aجوانب خفية من الثورة العرابية /
_cانور لوقا غبريال
260 _a[S.N] :
_bدار المعارف ،
_c1983
300 _a95 ص
490 _a
650 0 4 _aالعصر الحديث
650 0 4 _aمصر
650 0 4 _aتاريخ
650 0 4 _aالاحتلال البريطانى
650 0 4 _aمصر - تاريخ - العصر الحديث - الثورة العرابية
942 _2ddc
_cBK
999 _c28081
_d28081